LST Review Volume 17 Issue 231 January 2007 (Record no. 222)

MARC details
000 -LEADER
fixed length control field 00501nam a2200193Ia 4500
003 - CONTROL NUMBER IDENTIFIER
control field LSTLib
008 - FIXED-LENGTH DATA ELEMENTS--GENERAL INFORMATION
fixed length control field 200710b ||||| |||| 00| 0 eng d
020 ## - INTERNATIONAL STANDARD BOOK NUMBER
International Standard Book Number 13915770
041 ## - LANGUAGE CODE
Language code of text/sound track or separate title English Language
082 ## - DEWEY DECIMAL CLASSIFICATION NUMBER
Item number LST
245 ## - TITLE STATEMENT
Title LST Review Volume 17 Issue 231 January 2007
260 ## - PUBLICATION, DISTRIBUTION, ETC.
Place of publication, distribution, etc. Colombo
Name of publisher, distributor, etc. Law & Society Trust
300 ## - PHYSICAL DESCRIPTION
Extent 42 p.
Dimensions 30 cm
500 ## - GENERAL NOTE
General note Includes References
650 ## - SUBJECT ADDED ENTRY--TOPICAL TERM
Topical term or geographic name entry element Maldives
9 (RLIN) 222
650 ## - SUBJECT ADDED ENTRY--TOPICAL TERM
Topical term or geographic name entry element Human Rights
9 (RLIN) 13391
650 ## - SUBJECT ADDED ENTRY--TOPICAL TERM
Topical term or geographic name entry element Asian Human Rights Commission
9 (RLIN) 13329
942 ## - ADDED ENTRY ELEMENTS (KOHA)
Koha item type Text Books
Source of classification or shelving scheme Dewey Decimal Classification
Holdings
Withdrawn status Lost status Source of classification or shelving scheme Damaged status Not for loan Collection code Home library Current library Shelving location Date acquired Total Checkouts Barcode Date last seen Price effective from Koha item type
          Law Collection Law & Society Trust (LST) Law & Society Trust (LST) Main shelving Area 02/12/2020   000219 02/12/2020 02/12/2020 Text Books

All Rights Reserved, Law & Society Trust Library (LST Library)

102/3, Barns Place, Colombo 07, Western Province, Sri Lanka, 00800

Telephone - 0112 684 845

Email: ibrary@lstlanka.org

Last Updated: 22 February 2025
Designed and Maintained by ELIBS Solutions (PVT) LTD
ELIBS Solutions

Contact: elibssolutions@gmail.com